| 000 | 00585nam a22001817a 4500 | ||
|---|---|---|---|
| 003 | 0 | ||
| 005 | 20241113170027.0 | ||
| 008 | 241113b xxu||||| |||| 00| 0 eng d | ||
| 050 |
_aTR HQ 759.9 _bM984 2016 |
||
| 082 |
_aTR 649.1 _bM984 2016 |
||
| 100 | _aMurrell, Steve | ||
| 245 |
_aMy first, second & third attempts at parenting : _bdiscovering the heart of parenting _cSteve Murrell. |
||
| 260 |
_aMakati City : _bChurch Strengthening Ministry, Inc., _c2016. |
||
| 300 |
_axix, 208 p. ; _c23 cm. |
||
| 650 | _aParenting and families | ||
| 650 | _aParent and child | ||
| 942 |
_2ddc _cBK |
||
| 999 |
_c366701 _d366701 |
||